Great US City Flags - 2 - Statistics

General Stats
  • This quiz has been taken 207 times
  • The average score is 10 of 12
Answer Stats
Picture Hint Answer % Correct
Colorado, D Denver
98%
Minnesota, M Minneapolis
98%
Oregon, P Portland
97%
Louisiana, N New Orleans
95%
Florida, O Orlando
94%
Kansas, W Wichita
94%
Unincorporated, W Washington, DC
92%
Wisconsin, M Madison
91%
Missouri, S St Louis
88%
Indiana, S South Bend
67%
Maryland, O Ocean City
51%
California, M Monterrey
38%
No matching quizzes found
Score Distribution
Percent of People with Each Score
Percentile by Number Answered
Your Score History
You have not taken this quiz